|
|
|
|
| LEADER |
00000cam a22000004a 4500 |
| 001 |
musev2_20901 |
| 003 |
MdBmJHUP |
| 005 |
20230905042230.0 |
| 006 |
m o d |
| 007 |
cr||||||||nn|n |
| 008 |
121119s1970 dcu o 00 0 eng d |
| 020 |
|
|
|a 9780813211640
|
| 020 |
|
|
|z 9780813200644
|
| 020 |
|
|
|z 9780813210261
|
| 035 |
|
|
|a (OCoLC)647919884
|
| 040 |
|
|
|a MdBmJHUP
|c MdBmJHUP
|
| 041 |
1 |
|
|a eng
|h grc
|
| 100 |
0 |
|
|a Cyril,
|c Saint, Bishop of Jerusalem,
|d approximately 315-386.
|
| 240 |
1 |
0 |
|a Works.
|l English.
|f 1970
|
| 245 |
1 |
4 |
|a The Works of Saint Cyril of Jerusalem, Volume 2 /
|c translated by Leo P. McCauley and Anthony A. Stephenson. Volume 2.
|
| 264 |
|
1 |
|a Washington :
|b Catholic University of America Press,
|c 1970.
|
| 264 |
|
3 |
|a Baltimore, Md. :
|b Project MUSE,
|c 2013
|
| 264 |
|
4 |
|c ©1970.
|
| 300 |
|
|
|a 1 online resource (277 pages).
|
| 336 |
|
|
|a text
|b txt
|2 rdacontent
|
| 337 |
|
|
|a computer
|b c
|2 rdamedia
|
| 338 |
|
|
|a online resource
|b cr
|2 rdacarrier
|
| 490 |
0 |
|
|a The Fathers of the church, a new translation ;
|v vol. 64
|
| 505 |
0 |
|
|a Contents -- Bibliography -- Abbreviations -- Lenten Lectures -- Foreward to the Catecheses 13-18 -- Lenten Lectures 13-18 -- Mystagogical Lectures -- Introduction to the Mystagogical Lectures -- Mystagogical Lectures -- Sermon on the Paralytic -- Letter to Constantius -- Fragments -- Indicies -- General Index for Lenten Lectures 13-18 -- General Index For Mystagogical Lectures, Sermon on the Paralytic, And Letter to Constantius -- Index of Holy Scriptures
|
| 588 |
|
|
|a Description based on print version record.
|
| 650 |
|
7 |
|a Theology.
|2 fast
|0 (OCoLC)fst01149559
|
| 650 |
|
7 |
|a RELIGION
|x Christian Theology
|x Systematic.
|2 bisacsh
|
| 650 |
|
7 |
|a RELIGION
|x Christianity
|x Orthodox.
|2 bisacsh
|
| 650 |
|
6 |
|a Theologie
|v Ouvrages avant 1800.
|
| 650 |
|
0 |
|a Theology
|v Early works to 1800.
|
| 655 |
|
7 |
|a Early works.
|2 fast
|0 (OCoLC)fst01411636
|
| 655 |
|
7 |
|a Electronic books.
|2 local
|
| 710 |
2 |
|
|a Project Muse.
|e distributor
|
| 830 |
|
0 |
|a Book collections on Project MUSE.
|
| 856 |
4 |
0 |
|z Texto completo
|u https://projectmuse.uam.elogim.com/book/20901/
|
| 945 |
|
|
|a Project MUSE - Custom Collection
|
| 945 |
|
|
|a Project MUSE - Archive Complete Supplement
|
| 945 |
|
|
|a Project MUSE - Archive Philosophy and Religion Supplement
|